| 000 | 00484pab a2200169 454500 | ||
|---|---|---|---|
| 008 | 180718b2005 xxu||||| |||| 00| 0 eng d | ||
| 100 | _aVerma, A.K. | ||
| 245 | _aBackward caste politics in Uttar Pradesh | ||
| 260 | _c2005 | ||
| 300 | _ap.3889-892. | ||
| 362 | _a3 Sep | ||
| 650 | _aBackward classes - India - Uttar Pradesh | ||
| 650 | _aUttar Pradesh - Politics and government | ||
| 650 | _aPolitics and government | ||
| 773 | _aEconomic and Political Weekly | ||
| 909 | _a66885 | ||
| 999 |
_c66885 _d66885 |
||